Open Data Biblioteca Nacional de Portugal


República Portuguesa: Ministério da Cultura
Biblioteca Nacional de Portugal

Catálogo da BNP: acesso por Identificadores Unívocos
Registos Bibliográficos associados ao registo de autoridade

Etiqueta de registo: 00254nam 2200025 450
001 2284235
003 http://id.bnportugal.gov.pt/bib/catbnp/2284235
010 ## $a978-989-8518-17-0
021 ## $aPT$b557427/25
100 ## $a20260413d2025 m y0pory01030103ba
101 0# $apor
102 ## $aPT
105 ## $aa z 000yy
106 ## $ar
200 1# $aCestaria de vime$fcoord. Américo Rodrigues$gfot. João Grama... [et al.]
210 #9 $aLisboa$cPrograma Nacional Saber Fazer Portugal,$d2025
215 ## $a60 p.$cil.$d22 cm
675 ## $a746.7-035.3(469)(042)$vBN$zpor$31996454
675 ## $a398.1(469)(042)$vBN$zpor$31340574
675 ## $a745.51(469)(042)$vBN$zpor$31868915
702 #1 $aRodrigues,$bAmérico,$f1961-$4340$31189484
702 #1 $aGrama,$bJoão,$f1975-$4600$31904642
801 #0 $aPT$bBN$gRPC
856 41 $uhttp://rnod.bnportugal.gov.pt/ImagesBN/winlibimg.aspx?skey=&doc=2284235&img=221535&save=true
900 ## $aBIBNAC$d20260504
966 ## $lBN$mFGMON$sB.A. 53723 V.$x1
966 ## $lBN$mFGMON$sB.A. 53723 V.-D$x1
971 ## $cabrito$d20260413
972 ## $e0$z0$d20260504$vasantos
973 ## $ctrodrigues$d20260421

Etiqueta de registo: 00254nam 2200025 450
001 2284238
003 http://id.bnportugal.gov.pt/bib/catbnp/2284238
010 ## $a978-989-8518-16-3
021 ## $aPT$b557425/25
100 ## $a20260413d2025 m y0pory01030103ba
101 0# $apor
102 ## $aPT
105 ## $aa z 000yy
106 ## $ar
200 1# $aOlaria$fcoord. Américo Rodrigues$gfot. João Grama... [et al.]
210 #9 $aLisboa$cPrograma Nacional Saber Fazer Portugal,$d2025
215 ## $a60 p.$cil.$d22 cm
675 ## $a738-033.6(469)(042)$vBN$zpor$31996472
675 ## $a398.1-033.6(469)(042)$vBN$zpor$31996477
702 #1 $aRodrigues,$bAmérico,$f1961-$4340$31189484
702 #1 $aGrama,$bJoão,$f1975-$4600$31904642
801 #0 $aPT$bBN$gRPC
856 41 $uhttp://rnod.bnportugal.gov.pt/ImagesBN/winlibimg.aspx?skey=&doc=2284238&img=221536&save=true
900 ## $aBIBNAC$d20260504
966 ## $lBN$mFGMON$sB.A. 53722 V.$x1
966 ## $lBN$mFGMON$sB.A. 53722 V.-D$x1
971 ## $cabrito$d20260413
972 ## $e0$z0$d20260504$vasantos
973 ## $ctrodrigues$d20260421

Etiqueta de registo: 00254nam 2200025 450
001 2154166
003 http://id.bnportugal.gov.pt/bib/catbnp/2154166
010 ## $a978-989-53046-7-7
021 ## $aPT$b514217/23
100 ## $a20240125d2023 m y0pory01030103ba
101 0# $apor$aeng
102 ## $aPT
105 ## $aa b 000yy
106 ## $ar
200 1# $aOxímoro$dOxymoron$ftextos Nicolas de Oliveira, Nicola Oxley, Sérgio Fazenda Rodrigues$gtrad. Mathieu Fleury$gfot. João Grama$zeng
210 #9 $a[S.l.]$cKindred Spirit,$d2023
215 ## $a84, [4] p.$cil.$d24 cm
305 ## $aEd. bilingue em português e inglês
510 1# $aOxymoron$zeng
675 ## $a7.038.5(=1:469)"20"(083.82)$vBN$zpor$31278225
675 ## $a7.038.5(=1:489)"19/20"(083.82)$vBN$zpor$31769715
675 ## $a7.038.5Pavão, Henrique(083.82)$vBN$zpor$31840333
675 ## $a7.038.5Koester, Joachim(083.82)$vBN$zpor$31908084
700 #1 $aOliveira,$bNicolas de$31904633
701 #1 $aRodrigues,$bSérgio Fazenda,$f1973-$4070$31236760
701 #1 $aOxley,$bNicola$4070$31904635
702 #1 $aGrama,$bJoão,$f1975-$4600$31904642
702 #1 $aFleury,$bMathieu,$f1985-$4730$31800305
801 #0 $aPT$bBN$gRPC
856 41 $uhttp://rnod.bnportugal.gov.pt/ImagesBN/winlibimg.aspx?skey=&doc=2154166&img=189968&save=true
900 ## $aBIBNAC$d20240304
966 ## $lBN$mFGMON$sB.A. 50632 V.$x1
966 ## $lBN$mFGMON$sB.A. 50632 V.-D$x1
971 ## $cabrito$d20240125
972 ## $e0$z0$d20240304$vmsebas
973 ## $cacosta$d20240223

Etiqueta de registo: 00254nam 2200025 450
001 2283427
003 http://id.bnportugal.gov.pt/bib/catbnp/2283427
010 ## $a978-989-8518-14-9
021 ## $aPT$b557429/25
100 ## $a20260401d2025 m y0pory01030103ba
101 0# $apor
102 ## $aPT
105 ## $aa z 000yy
106 ## $ar
200 1# $aBordados$fcoord. Américo Rodrigues$gfot. João Grama... [et al.]
210 #9 $aLisboa$cPrograma Nacional Saber Fazer Portugal,$d2025
215 ## $a60 p.$cil.$d22 cm
675 ## $a398.1(469)(042)$vBN$zpor$31340574
675 ## $a746.3(469)(042)$vBN$zpor$31996449
702 #1 $aRodrigues,$bAmérico,$f1961-$4340$31189484
702 #1 $aGrama,$bJoão,$f1975-$4600$31904642
801 #0 $aPT$bBN$gRPC
856 41 $uhttp://rnod.bnportugal.gov.pt/ImagesBN/winlibimg.aspx?skey=&doc=2283427&img=221521&save=true
900 ## $aBIBNAC$d20260504
966 ## $lBN$mFGMON$sB.A. 53725 V.$x1
966 ## $lBN$mFGMON$sB.A. 53725 V.-D$x1
971 ## $cabrito$d20260401
972 ## $e0$z0$d20260504$vasantos
973 ## $ctrodrigues$d20260421

Etiqueta de registo: 00254nam 2200025 450
001 2283428
003 http://id.bnportugal.gov.pt/bib/catbnp/2283428
010 ## $a978-989-8518-18-7
021 ## $aPT$b557426/25
100 ## $a20260401d2025 m y0pory01030103ba
101 0# $apor
102 ## $aPT
105 ## $ay z 000yy
106 ## $ar
200 1# $aCestaria de madeira rachada$fcoord. Américo Rodrigues$gfot. João Grama... [et al.]
210 #9 $aLisboa$cPrograma Nacional Saber Fazer Portugal,$d2025
215 ## $a60 p.$cil.$d22 cm
675 ## $a745.51(469)(042)$vBN$zpo$31868915
675 ## $a746.7-035.3(469)(042)$vBN$zpor$31996454
675 ## $a398.1(469)(042)$vBN$zpor$31340574
702 #1 $aRodrigues,$bAmérico,$f1961-$4340$31189484
702 #1 $aGrama,$bJoão,$f1975-$4600$31904642
801 #0 $aPT$bBN$gRPC
856 41 $uhttp://rnod.bnportugal.gov.pt/ImagesBN/winlibimg.aspx?skey=&doc=2283428&img=221522&save=true
900 ## $aBIBNAC$d20260504
966 ## $lBN$mFGMON$sB.A. 53719 V.$x1
966 ## $lBN$mFGMON$sB.A. 53719 V.-D$x1
971 ## $cabrito$d20260401
972 ## $e0$z0$d20260504$vasantos
973 ## $ctrodrigues$d20260421

Etiqueta de registo: 00254nam 2200025 450
001 2283436
003 http://id.bnportugal.gov.pt/bib/catbnp/2283436
010 ## $a978-989-8518-11-8
021 ## $aPT$b557430/25
100 ## $a20260401d2025 m y0pory01030103ba
101 0# $apor
102 ## $aPT
105 ## $aa z 000yy
106 ## $ar
200 1# $aMobiliário de bunho$fcoord. Américo Rodrigues$gfot. João Grama... [et al.]
210 #9 $aLisboa$cPrograma Nacional Saber Fazer Portugal,$d2025
215 ## $a60 p.$cil.$d22 cm
675 ## $a749-035.2(469)(042)$vBN$zpor$31996460
675 ## $a398.1(469)(042)$vBN$zpor$31340574
702 #1 $aRodrigues,$bAmérico,$f1961-$4340$31189484
702 #1 $aGrama,$bJoão,$f1975-$4600$31904642
801 #0 $aPT$bBN$gRPC
856 41 $uhttp://rnod.bnportugal.gov.pt/ImagesBN/winlibimg.aspx?skey=&doc=2283436&img=221524&save=true
900 ## $aBIBNAC$d20260504
966 ## $lBN$mFGMON$sB.A. 53720 V.$x1
966 ## $lBN$mFGMON$sB.A. 53720 V.-D$x1
971 ## $cabrito$d20260401
972 ## $e0$z0$d20260504$vasantos
973 ## $ctrodrigues$d20260421

Etiqueta de registo: 00254nam 2200025 450
001 2282693
003 http://id.bnportugal.gov.pt/bib/catbnp/2282693
010 ## $a978-989-568-227-0
021 ## $aPT$b552678/25
100 ## $a20260323d2025 m y0pory01030103ba
101 0# $apor$aeng
102 ## $aPT
105 ## $aa z 000yy
106 ## $ar
200 1# $a As leis próprias do mar, distante do mundo dirigido pelas leis da terra$fJoão Grama
205 ## $a1ª ed
210 #9 $aLisboa$cDocumenta,$d2025
215 ## $a79 p.$cil.$d24 cm
305 ## $aEd. bilingue em português e inglês
675 ## $a77Grama, João$vBN$zpor$31995253
675 ## $a77.04(=1:469)"20"$vBN$zpor$31426427
700 #1 $aGrama,$bJoão,$f1975-$31904642
801 #0 $aPT$bBN$gRPC
856 41 $uhttp://rnod.bnportugal.gov.pt/ImagesBN/winlibimg.aspx?skey=&doc=2282693&img=221239&save=true
900 ## $aBIBNAC$d20260415
966 ## $lBN$mFGMON$sB.A. 53665 V.$x1
966 ## $lBN$mFGMON$sB.A. 53665 V.-D$x1
971 ## $cabrito$d20260323
972 ## $e0$z0$d20260415$vlrevez
973 ## $cigoulao$d20260409

Etiqueta de registo: 00254nam 2200025 450
001 2284233
003 http://id.bnportugal.gov.pt/bib/catbnp/2284233
010 ## $a978-989-8518-12-5
021 ## $aPT$b557424/25
100 ## $a20260413d2025 m y0pory01030103ba
101 0# $apor
102 ## $aPT
105 ## $aa z 000yy
106 ## $ar
200 1# $aTecelagem$fcoord. Américo Rodrigues$gfot. João Grama... [et al.]
210 #9 $aLisboa$cPrograma Nacional Saber Fazer Portugal,$d2025
215 ## $a60 p.$cil.$d22 cm
675 ## $a746.1-037.3(469)(042)$vBN$zpor$31996465
675 ## $a746.1-037.1(469)(042)$vBN$zpor$31996466
675 ## $a398.1(469)(042)$vBN$zpor$31340574
702 #1 $aRodrigues,$bAmérico,$f1961-$4340$31189484
702 #1 $aGrama,$bJoão,$f1975-$4600$31904642
801 #0 $aPT$bBN$gRPC
856 41 $uhttp://rnod.bnportugal.gov.pt/ImagesBN/winlibimg.aspx?skey=&doc=2284233&img=221534&save=true
900 ## $aBIBNAC$d20260504
966 ## $lBN$mFGMON$sB.A. 53724 V.$x1
966 ## $lBN$mFGMON$sB.A. 53724 V.-D$x1
971 ## $cabrito$d20260413
972 ## $e0$z0$d20260504$vasantos
973 ## $ctrodrigues$d20260421

Etiqueta de registo: 00254nam 2200025 450
001 2284682
003 http://id.bnportugal.gov.pt/bib/catbnp/2284682
010 ## $a978-989-8518-15-6
021 ## $aPT$b557428/25
100 ## $a20260417d2025 m y0pory01030103ba
101 0# $apor
102 ## $aPT
105 ## $aa z 000yy
106 ## $ar
200 1# $aEmpreita de palma$fcoord. Américo Rodrigues$gfot. João Grama... [et al.]
210 #9 $aLisboa$cPrograma Nacional Saber Fazer Portugal,$d2025
215 ## $a60 p.$cil.$d22 cm
675 ## $a398.1(469.601)(042)$vBN$zpor$31996478
675 ## $a746.6-035.2(469.601)(042)$vBN$zpor$31996437
702 #1 $aRodrigues,$bAmérico,$f1961-$4340$31189484
702 #1 $aGrama,$bJoão,$f1975-$4600$31904642
801 #0 $aPT$bBN$gRPC
856 41 $uhttp://rnod.bnportugal.gov.pt/ImagesBN/winlibimg.aspx?skey=&doc=2284682&img=221546&save=true
900 ## $aBIBNAC$d20260504
966 ## $lBN$mFGMON$sB.A. 53721 V.$x1
966 ## $lBN$mFGMON$sB.A. 53721 V.-D$x1
971 ## $ccsilva$d20260417
972 ## $e0$z0$d20260504$vasantos
973 ## $ctrodrigues$d20260421

Etiqueta de registo: 00254nam 2200025 450
001 2284680
003 http://id.bnportugal.gov.pt/bib/catbnp/2284680
010 ## $a978-989-8518-13-2
021 ## $aPT$b557423/25
100 ## $a20260417d2025 m y0pory01030103ba
101 0# $apor
102 ## $aPT
105 ## $aa z 000yy
106 ## $ar
200 1# $aLatoaria$fcoord. Américo Rodrigues$gfot. João Grama... [et al.]
210 #9 $aLisboa$cPrograma Nacional Saber Fazer Portugal,$d2025
215 ## $a60 p.$cil.$d22 cm
675 ## $a398.1(469)(042)$vBN$zpor$31340574
675 ## $a739.8(469)(042)$vBN$zpor$31996502
675 ## $a745.5-034(469)(042)$vBN$zpor$31996501
702 #1 $aRodrigues,$bAmérico,$f1961-$4340$31189484
702 #1 $aGrama,$bJoão,$f1975-$4600$31904642
801 #0 $aPT$bBN$gRPC
856 41 $uhttp://rnod.bnportugal.gov.pt/ImagesBN/winlibimg.aspx?skey=&doc=2284680&img=221545&save=true
900 ## $aBIBNAC$d20260504
966 ## $lBN$mFGMON$sB.A. 53718 V.$x1
966 ## $lBN$mFGMON$sB.A. 53718 V.-D$x1
971 ## $ccsilva$d20260417
972 ## $e0$z0$d20260504$vasantos
973 ## $ctrodrigues$d20260421

OpendataBNP@bnportugal.pt | Mais informação sobre acesso aos dados BNP